000 00932nam a2200277Ia 4500
003 OSt
005 20220923211607.0
006 a|||||r|||| 00| 0
007 ta
008 220922b |||||||| |||| 00| 0 hin d
020 _a9789388434546 (hbk)
_c399
024 _a348,460
037 _bGV854, 08/03/2019, Vani Prakashan
_cTextual
040 _aARTS
_cARTS
_bhin
041 _2hin
_ahin
082 _aO152,1N54x, Q9
100 _aशिव रमन, ले.
245 0 _aनयी सुबह तक
246 _aNayī subah taka
260 _aनयी दिल्ली
_b वाणी प्रकाशन
_c2019
300 _a103पृ.
_ccm.
650 _a हिन्दी साहित्य
_9156264
650 _aहिन्दी कविता
942 _hO152,1N54x, Q9
_cTEXL
_2CC
999 _c301171
_d301171